Agro's annual review of plant physiology (Basic and applied). V 4. 1998-99 (Record no. 41685)

MARC details
000 -LEADER
fixed length control field 00410nam a2200145Ia 4500
082 ## - DEWEY DECIMAL CLASSIFICATION NUMBER
Classification number 581.1
Item number AGR.4
245 #0 - TITLE STATEMENT
Title Agro's annual review of plant physiology (Basic and applied). V 4. 1998-99
260 ## - PUBLICATION, DISTRIBUTION, ETC. (IMPRINT)
Place of publication Jodhpur
Name of publisher Agrobios
Year of publication 1999
650 ## - SUBJECT ADDED ENTRY--TOPICAL TERM
Topical Term Seed germination
650 ## - SUBJECT ADDED ENTRY--TOPICAL TERM
Topical Term Stress proteins
650 ## - SUBJECT ADDED ENTRY--TOPICAL TERM
Topical Term Water stress
700 ## - ADDED ENTRY--PERSONAL NAME
Personal name Purohit, S S
942 ## - ADDED ENTRY ELEMENTS (KOHA)
Koha item type Books
Holdings
Withdrawn status Lost status Damaged status Not for loan Home library Current library Date acquired Cost, normal purchase price Full call number Accession Number Koha item type
        RRII Library RRII Library 16/12/2021 850.00 581.1 AGR.4 21971 Books